[Event "4NCL Division 1 & 2"]
[Site "Milton Keynes, ENG"]
[Date "2021.11.27"]
[Round "1.104"]
[White "Clarke, Connor"]
[Black "Webb, Laurence E"]
[Result "1/2-1/2"]
[WhiteElo "2030"]
[BlackElo "2256"]
[PlyCount "109"]
[EventDate "2021.11.27"]
[WhiteTeam "Chessable White Rose 2"]
[BlackTeam "Blackthorne Russia"]

1. d4 Nf6 2. Nc3 d5 3. Bf4 e6 4. Nb5 Bd6 5. Nxd6+ cxd6 6. e3 Nc6 7. Nf3 Qe7 8.
Bb5 Bd7 9. O-O a6 10. Bxc6 Bxc6 11. b3 h6 12. c4 Nh5 13. Bg3 Nxg3 14. hxg3 O-O
15. Re1 dxc4 16. bxc4 b5 17. Qc2 bxc4 18. Qxc4 Rfc8 19. Rec1 Qb7 20. Qe2 Be4
21. Ne1 Rab8 22. f3 Bg6 23. Nd3 Qb5 24. Nf4 Qxe2 25. Nxe2 Bd3 26. Rxc8+ Rxc8
27. Rc1 Rxc1+ 28. Nxc1 Bc4 29. Kf2 Kf8 30. e4 Ke7 31. Ke3 Kd7 32. d5 exd5 33.
Kd4 Bf1 34. exd5 Bxg2 35. f4 Bf1 36. Nb3 Bb5 37. Nd2 Ke7 38. Ne4 f5 39. Nd2 Kf6
40. a3 g5 41. Ke3 Kg6 42. g4 fxg4 43. Ne4 Bc4 44. f5+ Kxf5 45. Nxd6+ Ke5 46.
Nxc4+ Kxd5 47. Nd2 a5 48. Ne4 Kc4 49. Ng3 Kb3 50. Kd3 Kxa3 51. Kc3 Ka2 52. Kc2
a4 53. Nh5 Ka3 54. Kc3 Ka2 55. Kc2 1/2-1/2

[Event "4NCL Division 1 & 2"]
[Site "Milton Keynes, ENG"]
[Date "2021.11.27"]
[Round "1.105"]
[White "Duncan, Chris R"]
[Black "Li, Harry"]
[Result "1/2-1/2"]
[WhiteElo "2245"]
[BlackElo "2072"]
[PlyCount "64"]
[EventDate "2021.11.27"]
[WhiteTeam "Blackthorne Russia"]
[BlackTeam "Chessable White Rose 2"]

1. Nf3 d5 2. c4 e6 3. g3 c5 4. cxd5 exd5 5. d4 Nc6 6. Bg2 Nf6 7. O-O Be7 8. Nc3
O-O 9. Bf4 c4 10. Ne5 Be6 11. Re1 h6 12. e4 dxe4 13. Nxc6 bxc6 14. Nxe4 Nxe4
15. Bxe4 Bd5 16. Qc2 Re8 17. Rad1 Qa5 18. Re2 Rad8 19. Bxd5 cxd5 20. Rde1 Qb4
21. Re5 Qb7 22. Qe2 Kf8 23. Bd2 Qd7 24. Rxe7 Qxe7 25. Qxe7+ Rxe7 26. Bb4 Rdd7
27. Re5 Ke8 28. Bxe7 Rxe7 29. Rxd5 Re1+ 30. Kg2 Rb1 31. Ra5 Rxb2 32. Rxa7 Rd2
1/2-1/2

[Event "4NCL Division 1 & 2"]
[Site "Milton Keynes, ENG"]
[Date "2021.11.27"]
[Round "1.106"]
[White "Shaw, Peter"]
[Black "Ledger, Dave J"]
[Result "1-0"]
[WhiteElo "2078"]
[BlackElo "2222"]
[PlyCount "93"]
[EventDate "2021.11.27"]
[WhiteTeam "Chessable White Rose 2"]
[BlackTeam "Blackthorne Russia"]

1. d4 Nf6 2. c4 e6 3. Nf3 d5 4. Nc3 Bb4 5. Qa4+ Nc6 6. e3 O-O 7. Bd2 a6 8. Qc2
Re8 9. a3 Bxc3 10. Bxc3 b6 11. Bd3 Ne7 12. O-O Bb7 13. Rfd1 dxc4 14. Bxc4 Be4
15. Qe2 b5 16. Bb3 Bd5 17. Bc2 Ne4 18. Bb4 a5 19. Bc5 Qb8 20. Ne5 Ng6 21. Nxg6
hxg6 22. Qg4 Nxc5 23. dxc5 Qa7 24. Rac1 a4 25. h4 Qb7 26. h5 gxh5 27. Qxh5 Rad8
28. c6 Bxc6 29. Bh7+ Kf8 30. Qc5+ Rd6 31. Rxd6 cxd6 32. Qxd6+ Re7 33. Rxc6 g6
34. Rb6 Qc7 35. Qxc7 Rxc7 36. Rxb5 Kg7 37. Bxg6 Kxg6 38. g4 Rc4 39. Rb4 Rc2 40.
Kg2 e5 41. Kg3 f6 42. f4 exf4+ 43. exf4 Rd2 44. Kf3 Rc2 45. Rb6 Kf7 46. f5 Ke7
47. Ke4 1-0

[Event "4NCL Division 1 & 2"]
[Site "Milton Keynes, ENG"]
[Date "2021.11.27"]
[Round "1.107"]
[White "Ledger, Stephen C"]
[Black "Burnett, Jim"]
[Result "1/2-1/2"]
[WhiteElo "2173"]
[BlackElo "2037"]
[PlyCount "36"]
[EventDate "2021.11.27"]
[WhiteTeam "Blackthorne Russia"]
[BlackTeam "Chessable White Rose 2"]

1. d4 d5 2. Bf4 Nf6 3. e3 c5 4. c3 Nc6 5. Nd2 e6 6. Ngf3 Bd6 7. Bg3 O-O 8. Bd3
Qe7 9. Ne5 Nd7 10. Nxd7 Bxd7 11. Bxd6 Qxd6 12. dxc5 Qxc5 13. Bxh7+ Kxh7 14.
Qh5+ Kg8 15. Ne4 Qc4 16. Ng5 Rfd8 17. Qxf7+ Kh8 18. Qh5+ Kg8 1/2-1/2

[Event "4NCL Division 1 & 2"]
[Site "Milton Keynes, ENG"]
[Date "2021.11.27"]
[Round "1.108"]
[White "Heritage, Jamie"]
[Black "Varney, Zoe"]
[Result "1-0"]
[WhiteElo "2050"]
[BlackElo "2033"]
[PlyCount "129"]
[EventDate "2021.11.27"]
[WhiteTeam "Chessable White Rose 2"]
[BlackTeam "Blackthorne Russia"]

1. e4 e5 2. Nf3 Nc6 3. Bb5 a6 4. Ba4 Nf6 5. O-O Be7 6. Re1 b5 7. Bb3 O-O 8. d3
d6 9. c3 Na5 10. Bc2 c5 11. Nbd2 Nc6 12. Nf1 Re8 13. h3 h6 14. a3 Qc7 15. Ne3
Bf8 16. b4 Bb7 17. Nh4 g6 18. Qf3 Bg7 19. Bb3 Kh7 20. Ng4 Qe7 21. Nf5 gxf5 22.
Qxf5+ Kh8 23. Nxh6 Bxh6 24. Bxh6 Bc8 25. Qg5 Rg8 26. Qh4 Nh7 27. Qxe7 Nxe7 28.
Bxf7 Rd8 29. Be3 Rf8 30. Bh5 cxb4 31. axb4 Bb7 32. g3 Nf6 33. Bd1 Kg7 34. f4
Ng6 35. f5 Nh8 36. g4 d5 37. g5 Nd7 38. Bd2 dxe4 39. dxe4 Nb6 40. h4 Nc4 41.
Bc1 Nd6 42. Bc2 Rfd8 43. Kh2 Rac8 44. Re3 Rc4 45. h5 Bxe4 46. Bxe4 Nxe4 47.
Rxa6 Nf7 48. f6+ Kf8 49. g6 Nfd6 50. Rxe4 Rxe4 51. Rxd6 Rxd6 52. Bh6+ Ke8 53.
f7+ Kd7 54. f8=Q Re2+ 55. Kg3 Rd3+ 56. Kg4 Rg2+ 57. Kf5 Rf3+ 58. Kxe5 Re2+ 59.
Kd4 Rxf8 60. Bxf8 Ke8 61. Bg7 Rg2 62. h6 Rxg6 63. h7 Kf7 64. h8=Q Rxg7 65.
Qxg7+ 1-0

[Event "4NCL Division 1 & 2"]
[Site "Milton Keynes, ENG"]
[Date "2021.11.27"]
[Round "1.111"]
[White "Claridge-Hansen, William"]
[Black "Kanyamarala, Tarun"]
[Result "1-0"]
[WhiteElo "2292"]
[BlackElo "2321"]
[PlyCount "71"]
[EventDate "2021.11.27"]
[WhiteTeam "Oxford 1"]
[BlackTeam "Gonzaga"]

1. c4 f5 2. g3 Nf6 3. Nf3 g6 4. b4 Bg7 5. Bb2 O-O 6. Bg2 d6 7. d4 Nc6 8. Qb3 a5
9. b5 a4 10. Qc2 Na5 11. Nbd2 c6 12. Qxa4 Qb6 13. O-O Ne4 14. e3 Bd7 15. Nxe4
fxe4 16. Nd2 cxb5 17. Qb4 Qa6 18. Bxe4 bxc4 19. Nxc4 Bb5 20. Bd5+ Kh8 21. Rfc1
Rf5 22. Be6 Nc6 23. Qd2 Rf6 24. a4 Bxa4 25. d5 Rxe6 26. Bxg7+ Kxg7 27. dxe6 b5
28. Qb2+ Kg8 29. Nxd6 exd6 30. Qf6 b4 31. Qf7+ Kh8 32. Qf6+ Kg8 33. Qf7+ Kh8
34. e7 Nxe7 35. Qxe7 Re8 36. Qf6+ 1-0

[Event "4NCL Division 1 & 2"]
[Site "Milton Keynes, ENG"]
[Date "2021.11.27"]
[Round "1.113"]
[White "Zakarian, David"]
[Black "Delaney, Killian"]
[Result "1-0"]
[WhiteElo "2306"]
[BlackElo "2300"]
[PlyCount "47"]
[EventDate "2021.11.27"]
[WhiteTeam "Oxford 1"]
[BlackTeam "Gonzaga"]

1. e4 c6 2. d4 d5 3. e5 c5 4. c4 Nc6 5. Nf3 cxd4 6. Nxd4 e6 7. Nc3 Bb4 8. Nxc6
bxc6 9. Qa4 Rb8 10. Bd2 Qc7 11. cxd5 exd5 12. a3 Qxe5+ 13. Be2 Bd6 14. f4 Qe6
15. Qxc6+ Kf8 16. Qxd5 Qxd5 17. Nxd5 Bb7 18. Ne3 Be4 19. Kf2 Bxf4 20. Bb4+ Ne7
21. Rad1 Ke8 22. Rhe1 Nc6 23. Bg4 Nxb4 24. Nc4 1-0

[Event "4NCL Division 1 & 2"]
[Site "Milton Keynes, ENG"]
[Date "2021.11.27"]
[Round "1.114"]
[White "McPhillips, Karl"]
[Black "Hansen, Hans-Peter"]
[Result "1/2-1/2"]
[WhiteElo "2240"]
[BlackElo "2156"]
[PlyCount "76"]
[EventDate "2021.11.27"]
[WhiteTeam "Gonzaga"]
[BlackTeam "Oxford 1"]

1. d4 Nf6 2. c4 c5 3. d5 b5 4. cxb5 a6 5. b6 e6 6. Nc3 exd5 7. Nxd5 Nxd5 8.
Qxd5 Nc6 9. Nf3 Be7 10. Ne5 O-O 11. Nxc6 dxc6 12. Qxd8 Bxd8 13. g3 Rb8 14. Bd2
Rxb6 15. Bc3 Bf6 16. Bxf6 gxf6 17. b3 Be6 18. Bg2 c4 19. O-O cxb3 20. axb3 Bxb3
21. Rfc1 Re8 22. e3 Bd5 23. Bf1 Ra8 24. Ra5 Rab8 25. Bd3 Rb3 26. Bf5 R8b6 27.
h4 R3b5 28. Rca1 Bf3 29. g4 h5 30. Kh2 Bxg4 31. Bxg4 hxg4 32. Kg3 f5 33. Rxa6
Rxa6 34. Rxa6 Rc5 35. Kf4 Rc2 36. Kxf5 Rxf2+ 37. Kxg4 Rf6 38. e4 Kg7 1/2-1/2

[Event "4NCL Division 1 & 2"]
[Site "Milton Keynes, ENG"]
[Date "2021.11.27"]
[Round "1.115"]
[White "Nataraj, Nakul"]
[Black "Carroll, Peter"]
[Result "0-1"]
[WhiteElo "2133"]
[BlackElo "2132"]
[PlyCount "56"]
[EventDate "2021.11.27"]
[WhiteTeam "Oxford 1"]
[BlackTeam "Gonzaga"]

1. e4 c5 2. Nf3 d6 3. d4 cxd4 4. Nxd4 Nf6 5. Nc3 a6 6. h3 e5 7. Nde2 h5 8. g3
Be6 9. Bg2 Nbd7 10. Nd5 Nxd5 11. exd5 Bf5 12. O-O b5 13. Be3 Be7 14. f4 Rc8 15.
Rc1 Bh7 16. Qd2 O-O 17. b3 exf4 18. Nxf4 h4 19. g4 Bg5 20. Qf2 Ne5 21. Bd4 Qf6
22. Be3 Qh6 23. Rfe1 Rc3 24. Bd2 Rg3 25. Kf1 f5 26. Ne6 Bxd2 27. Nxf8 Kxf8 28.
Qb6 Qf4+ 0-1

[Event "4NCL Division 1 & 2"]
[Site "Milton Keynes, ENG"]
[Date "2021.11.27"]
[Round "1.116"]
[White "Kanyamarala, Trisha"]
[Black "Hayward, Philip"]
[Result "1-0"]
[WhiteElo "2089"]
[BlackElo "2017"]
[PlyCount "61"]
[EventDate "2021.11.27"]
[WhiteTeam "Gonzaga"]
[BlackTeam "Oxford 1"]

1. d4 f5 2. g3 Nf6 3. Bg2 g6 4. Nf3 Bg7 5. O-O O-O 6. Nbd2 d6 7. Re1 Nc6 8. e4
fxe4 9. Nxe4 Nxe4 10. Rxe4 Bf5 11. Re1 Bg4 12. c3 Kh8 13. h3 Bxf3 14. Bxf3 e5
15. dxe5 Nxe5 16. Bxb7 c6 17. Bxa8 Nf3+ 18. Kf1 Qxa8 19. Bf4 c5 20. Re3 Nh4 21.
gxh4 Rxf4 22. Qxd6 Rf8 23. Kg1 Bh6 24. Qe5+ Kg8 25. Rd3 Qc8 26. Re1 c4 27. Rd6
Qb8 28. Rf6 Qxb2 29. Qe6+ Kh8 30. Rxf8+ Bxf8 31. Qf7 1-0

[Event "4NCL Division 1 & 2"]
[Site "Milton Keynes, ENG"]
[Date "2021.11.27"]
[Round "1.117"]
[White "Idle, Oscar"]
[Black "Murray, David"]
[Result "1-0"]
[WhiteElo "1996"]
[BlackElo "2124"]
[PlyCount "83"]
[EventDate "2021.11.27"]
[WhiteTeam "Oxford 1"]
[BlackTeam "Gonzaga"]

1. d4 Nf6 2. c4 e6 3. g3 c5 4. d5 exd5 5. cxd5 d6 6. Nc3 g6 7. Bg2 Bg7 8. Nf3
O-O 9. O-O Re8 10. Re1 a6 11. a4 Nbd7 12. Nd2 Rb8 13. Nc4 Ne5 14. Nxe5 Rxe5 15.
Bf4 Re8 16. Rb1 b5 17. b4 Ng4 18. Ne4 Rxe4 19. Bxe4 Bd4 20. e3 Bc3 21. bxc5
Bxe1 22. Qxe1 Ne5 23. Bxe5 dxe5 24. d6 Be6 25. Qd2 bxa4 26. Rxb8 Qxb8 27. c6 a3
28. d7 Qd8 29. Bb1 Kg7 30. Kg2 Qb6 31. d8=Q Qxb1 32. Q8d6 Qb5 33. Qxa3 Qxc6+
34. f3 Qc8 35. Qac3 Bh3+ 36. Kf2 Qe6 37. Qdb2 f6 38. Qc7+ Kh6 39. Qd8 Qc4 40.
Qf8+ Kh5 41. Qe2 Qd5 42. Qxf6 1-0

[Event "4NCL Division 1 & 2"]
[Site "Milton Keynes, ENG"]
[Date "2021.11.27"]
[Round "1.118"]
[White "Freeman, Gordon"]
[Black "Zakarian, Dimitrios Levon"]
[Result "0-1"]
[WhiteElo "2102"]
[BlackElo "1921"]
[PlyCount "96"]
[EventDate "2021.11.27"]
[WhiteTeam "Gonzaga"]
[BlackTeam "Oxford 1"]

1. d4 Nf6 2. Nf3 e6 3. g3 b6 4. Bg2 Bb7 5. O-O Be7 6. c4 O-O 7. Nc3 Ne4 8. Nxe4
Bxe4 9. d5 exd5 10. cxd5 Na6 11. Qd4 Nc5 12. Be3 Bf6 13. Qc4 Re8 14. Rad1 Qe7
15. Bd4 Bxd4 16. Rxd4 a5 17. Rc1 Rac8 18. Rc3 c6 19. d6 Qf6 20. Nd2 Bxg2 21.
Kxg2 Re6 22. Rf3 Qe5 23. Re3 Qf6 24. Ne4 Nxe4 25. Rdxe4 Rxe4 26. Rxe4 Qxd6 27.
h4 h6 28. Qc3 Qd5 29. f3 c5 30. Rg4 g6 31. e4 Qe6 32. h5 g5 33. a4 Re8 34. e5
d6 35. Re4 dxe5 36. g4 Qd6 37. Re2 Qd5 38. Rd2 Qc6 39. Re2 e4 40. fxe4 Rxe4 41.
Rxe4 Qxe4+ 42. Kh3 Qd4 43. Qb3 c4 44. Qb5 Kg7 45. Kh2 Qc5 46. Qd7 Qf2+ 47. Kh1
Qxb2 48. Kg1 Qe5 0-1

[Event "4NCL Division 1 & 2"]
[Site "Milton Keynes, ENG"]
[Date "2021.11.27"]
[Round "1.122"]
[White "Berry, Neil"]
[Black "Bisby, Daniel L"]
[Result "1-0"]
[WhiteElo "2255"]
[BlackElo "2314"]
[PlyCount "67"]
[EventDate "2021.11.27"]
[WhiteTeam "Alba"]
[BlackTeam "Cambridge University 1"]

1. d4 Nf6 2. c4 g6 3. Nc3 Bg7 4. e4 O-O 5. Nf3 d6 6. Be2 e5 7. Be3 Na6 8. O-O
Ng4 9. Bg5 Qe8 10. dxe5 dxe5 11. Rb1 h6 12. Bc1 Nc5 13. b4 Ne6 14. b5 Qd8 15.
Ba3 Re8 16. Qxd8 Rxd8 17. Nd5 c6 18. bxc6 bxc6 19. Ne7+ Kh7 20. Nxc6 Re8 21.
Rfd1 Nf6 22. Nfxe5 Nxe4 23. Bb2 N6c5 24. Bf3 Ng5 25. Bd5 Bf5 26. Rbc1 f6 27.
Bd4 fxe5 28. Bxc5 e4 29. Bd4 Bxd4 30. Nxd4 Rab8 31. h4 e3 32. hxg5 exf2+ 33.
Kxf2 Rb2+ 34. Kg1 1-0

[Event "4NCL Division 1 & 2"]
[Site "Milton Keynes, ENG"]
[Date "2021.11.27"]
[Round "1.123"]
[White "Hill, Alistair"]
[Black "Shafi, Declan"]
[Result "0-1"]
[WhiteElo "2237"]
[BlackElo "2166"]
[PlyCount "70"]
[EventDate "2021.11.27"]
[WhiteTeam "Cambridge University 1"]
[BlackTeam "Alba"]

1. d4 Nf6 2. c4 g6 3. Nf3 Bg7 4. e3 O-O 5. Be2 d5 6. cxd5 Nxd5 7. e4 Nb6 8. a4
a5 9. Be3 Bg4 10. Nbd2 Nc6 11. O-O e5 12. dxe5 Nxe5 13. Nxe5 Bxe2 14. Qxe2 Bxe5
15. Nf3 Bg7 16. Rfd1 Qe7 17. Bxb6 cxb6 18. Rd5 Rfe8 19. e5 Rac8 20. Rad1 Rc5
21. h3 Qc7 22. Rxc5 Qxc5 23. Re1 Qb4 24. Qd1 Bf8 25. Re2 Bc5 26. Qd5 Qxa4 27.
Ng5 Re7 28. Ne4 Qd4 29. Nf6+ Kg7 30. Qf3 Rxe5 31. Ne4 Rf5 32. Qb3 Rd5 33. Nc3
Re5 34. Rc2 Re1+ 35. Kh2 Qf4+ 0-1

[Event "4NCL Division 1 & 2"]
[Site "Milton Keynes, ENG"]
[Date "2021.11.27"]
[Round "1.124"]
[White "Burnett, Andrew"]
[Black "McClement, Andrew"]
[Result "0-1"]
[WhiteElo "2183"]
[BlackElo "2219"]
[PlyCount "84"]
[EventDate "2021.11.27"]
[WhiteTeam "Alba"]
[BlackTeam "Cambridge University 1"]

1. Nf3 Nf6 2. c4 e6 3. g3 d5 4. b3 c5 5. Bg2 Nc6 6. O-O Be7 7. Bb2 O-O 8. e3 b6
9. d3 a6 10. Qe2 Rb8 11. Rd1 b5 12. Nbd2 Qb6 13. Ne5 Bb7 14. Ndf3 Rfd8 15. Nxf7
Kxf7 16. Ng5+ Kg8 17. Nxe6 dxc4 18. Nxd8 cxd3 19. Rxd3 Rxd8 20. Rad1 Rxd3 21.
Qxd3 Nb4 22. Qf5 Bxg2 23. Qc8+ Kf7 24. Kxg2 Nxa2 25. e4 Qe6 26. Qxe6+ Kxe6 27.
Ra1 Nb4 28. Bc3 Nc6 29. Rxa6 Nxe4 30. Bxg7 Kd5 31. Rb6 b4 32. f4 Nd6 33. g4 Na5
34. f5 Nxb3 35. f6 Bd8 36. Rb8 Ba5 37. Bf8 Bc7 38. Ra8 Nd4 39. Ra7 b3 40. Rxc7
b2 41. Bxd6 b1=Q 42. f7 Qe4+ 0-1

[Event "4NCL Division 1 & 2"]
[Site "Milton Keynes, ENG"]
[Date "2021.11.27"]
[Round "1.125"]
[White "Gallagher, Daniel GH"]
[Black "White, Stuart A"]
[Result "1-0"]
[WhiteElo "2205"]
[BlackElo "2037"]
[PlyCount "53"]
[EventDate "2021.11.27"]
[WhiteTeam "Cambridge University 1"]
[BlackTeam "Alba"]

1. e4 c5 2. Nf3 d6 3. d4 cxd4 4. Qxd4 Nc6 5. Qe3 Nf6 6. Be2 g6 7. O-O Bg7 8.
Rd1 O-O 9. Nc3 Ng4 10. Qg5 Bxc3 11. bxc3 Qa5 12. Qh4 f6 13. Bd2 Qc7 14. Nd4
Nge5 15. f4 Nxd4 16. cxd4 Nc4 17. Bc1 Bd7 18. Qg3 Rac8 19. f5 Kf7 20. Qh3 Rh8
21. Bxc4+ Qxc4 22. fxg6+ hxg6 23. Qxd7 Qxc2 24. Re1 Qd3 25. Be3 Rc2 26. Qxb7
Rf8 27. e5 1-0

[Event "4NCL Division 1 & 2"]
[Site "Milton Keynes, ENG"]
[Date "2021.11.27"]
[Round "1.126"]
[White "Roy, Ali"]
[Black "Alldritt, Nigel R E"]
[Result "1/2-1/2"]
[WhiteElo "1878"]
[BlackElo "2190"]
[PlyCount "80"]
[EventDate "2021.11.27"]
[WhiteTeam "Alba"]
[BlackTeam "Cambridge University 1"]

1. Nf3 Nf6 2. g3 d5 3. Bg2 c5 4. O-O Nc6 5. d3 e5 6. Nbd2 Be7 7. e4 d4 8. Nc4
Qc7 9. a4 O-O 10. Nh4 Ne8 11. Nf5 g6 12. Nxe7+ Qxe7 13. Bh6 Ng7 14. f4 f6 15.
Qd2 Bd7 16. Rf2 Rae8 17. Raf1 b6 18. fxe5 Nxe5 19. Nxe5 Qxe5 20. Qf4 a6 21. b3
Bc8 22. Qxe5 fxe5 23. Rxf8+ Rxf8 24. Rxf8+ Kxf8 25. Bg5 Bg4 26. Bf6 Bd1 27.
Bxe5 Ne6 28. Bh3 Ke7 29. Bxe6 Kxe6 30. Bc7 b5 31. axb5 axb5 32. Bb6 Bxc2 33.
Bxc5 Ke5 34. Kf2 Bxd3 35. Kf3 Bxe4+ 36. Ke2 Bd5 37. b4 Ke4 38. Bd6 Bc4+ 39. Kd2
d3 40. h4 Kf3 1/2-1/2

[Event "4NCL Division 1 & 2"]
[Site "Milton Keynes, ENG"]
[Date "2021.11.27"]
[Round "1.127"]
[White "Robertson, J Stuart"]
[Black "Cooke, Suzie G."]
[Result "1/2-1/2"]
[WhiteElo "2168"]
[BlackElo "1915"]
[PlyCount "56"]
[EventDate "2021.11.27"]
[WhiteTeam "Cambridge University 1"]
[BlackTeam "Alba"]

1. d4 d5 2. c4 e6 3. Nf3 c5 4. cxd5 exd5 5. g3 Nc6 6. Bg2 Nf6 7. O-O Be7 8.
dxc5 Bxc5 9. Qc2 Bb6 10. Nc3 O-O 11. Na4 Bc7 12. Be3 Re8 13. Qd3 h6 14. h3 Bd6
15. a3 Qe7 16. g4 Ne5 17. Nxe5 Qxe5 18. Rfd1 Bd7 19. Nc3 Bc6 20. Bd4 Qh2+ 21.
Kf1 Ne4 22. b4 Nxc3 23. Qxc3 Bb5 24. Ra2 Rxe2 25. Rxe2 Bxe2+ 26. Kxe2 Qxg2 27.
Qf3 Qxf3+ 28. Kxf3 a5 1/2-1/2

[Event "4NCL Division 1 & 2"]
[Site "Milton Keynes, ENG"]
[Date "2021.11.27"]
[Round "1.131"]
[White "Martin, Lewis"]
[Black "Blackburn, Jonathan L B"]
[Result "1/2-1/2"]
[WhiteElo "2283"]
[BlackElo "2232"]
[PlyCount "137"]
[EventDate "2021.11.27"]
[WhiteTeam "Check Inn"]
[BlackTeam "West is Best 1"]

1. e4 e6 2. d4 d5 3. Nd2 Nc6 4. Ngf3 Nf6 5. e5 Nd7 6. Bd3 f6 7. Qe2 Nb4 8. O-O
Nxd3 9. Qxd3 fxe5 10. Nxe5 Nxe5 11. dxe5 Qh4 12. Nf3 Qc4 13. Qxc4 dxc4 14. a4
b6 15. Rd1 Bc5 16. Be3 Bxe3 17. fxe3 Bb7 18. Rd4 Bd5 19. Nd2 Rd8 20. Rf1 Ke7
21. Nxc4 g5 22. Na3 c5 23. Rg4 h5 24. Rxg5 Rdg8 25. Rxg8 Rxg8 26. Rf2 a6 27. e4
Bxe4 28. Nc4 Rg5 29. Nxb6 Bc6 30. Re2 Bf3 31. Rd2 Bc6 32. b3 Rxe5 33. Nc4 Rg5
34. g3 h4 35. Kf2 hxg3+ 36. hxg3 Rf5+ 37. Ke2 Rg5 38. Rd3 Rh5 39. Re3 Be8 40.
Ne5 Kd6 41. Ng4 c4 42. Rc3 cxb3 43. cxb3 Bc6 44. Kd2 Be4 45. Re3 Rd5+ 46. Kc3
Bf5 47. Nf2 Rc5+ 48. Kb4 a5+ 49. Ka3 Rc2 50. Nd1 Kd5 51. Re1 Kd4 52. Ne3 Rc3
53. Nc4 Rxg3 54. Nxa5 Kc5 55. Re5+ Kd6 56. Nc4+ Ke7 57. a5 Bd3 58. Re3 Rxe3 59.
Nxe3 Kd6 60. Kb4 Kc6 61. Nc4 Be2 62. Ne5+ Kd5 63. Nd7 Kc6 64. Nf6 Bd1 65. Ne4
Bxb3 66. Kxb3 Kb5 67. a6 Kxa6 68. Nc5+ Kb5 69. Nxe6 1/2-1/2

[Event "4NCL Division 1 & 2"]
[Site "Milton Keynes, ENG"]
[Date "2021.11.27"]
[Round "1.132"]
[White "Jones, Steven A"]
[Black "Onslow, Alfie"]
[Result "1/2-1/2"]
[WhiteElo "2243"]
[BlackElo "2255"]
[PlyCount "150"]
[EventDate "2021.11.27"]
[WhiteTeam "West is Best 1"]
[BlackTeam "Check Inn"]

1. e4 c6 2. Nf3 d5 3. Nc3 dxe4 4. Nxe4 Nf6 5. Qe2 Nxe4 6. Qxe4 Nd7 7. g3 Nf6 8.
Qe2 Bf5 9. d3 e6 10. Bg2 h6 11. O-O Be7 12. a4 g5 13. a5 a6 14. Ne5 Nd5 15. Bd2
h5 16. Ra4 Bf6 17. Re1 Kf8 18. Bf3 g4 19. Bg2 Kg7 20. f3 b5 21. Raa1 Ne7 22.
Bc3 b4 23. Bd2 Qd4+ 24. Kh1 h4 25. fxg4 hxg3 26. h3 Bg6 27. Nf3 Qxg4 28. Kg1
Qh5 29. Bxb4 Bf5 30. Bxe7 Bxe7 31. Qe5+ Bf6 32. Qxg3+ Qg6 33. Qxg6+ Bxg6 34.
Ne5 Rab8 35. Ra2 c5 36. b3 Rh5 37. Nxg6 Kxg6 38. Ra4 Bd4+ 39. Kh1 Kf6 40. Rc4
Ke7 41. c3 Bf2 42. Rb1 Re5 43. Re4 Bg3 44. Kg1 f5 45. Rc4 Re2 46. b4 Rg8 47.
Bf3 Ra2 48. bxc5 Bf4+ 49. Kf1 Be3 50. Rb7+ Kf6 51. Bg4 fxg4 52. Rxg4 Rxg4 53.
hxg4 Bxc5 54. d4 Bf8 55. Rb6 Rxa5 56. Ke2 Ke7 57. Kd3 Kd7 58. g5 Rxg5 59. Rxa6
Bd6 60. Kc4 Bc7 61. Ra8 Ra5 62. Rh8 Ra4+ 63. Kb3 Ra1 64. Kc4 Rc1 65. Rh3 Kd6
66. Rh6 Rd1 67. Rh5 Rf1 68. Rh3 Rf5 69. Rg3 Kc6 70. Rh3 Bf4 71. Rf3 Bd2 72. Rd3
Be1 73. Re3 Bd2 74. Rxe6+ Kd7 75. Re2 Bg5 1/2-1/2

[Event "4NCL Division 1 & 2"]
[Site "Milton Keynes, ENG"]
[Date "2021.11.27"]
[Round "1.133"]
[White "Ogunshola, Ben"]
[Black "Cooper, John G"]
[Result "0-1"]
[WhiteElo "2230"]
[BlackElo "2223"]
[PlyCount "84"]
[EventDate "2021.11.27"]
[WhiteTeam "Check Inn"]
[BlackTeam "West is Best 1"]

1. c4 g6 2. g3 Bg7 3. Bg2 Nf6 4. Nf3 O-O 5. Nc3 c6 6. O-O d5 7. cxd5 cxd5 8. d4
Ne4 9. Nxe4 dxe4 10. Ne5 Qd5 11. Bf4 f6 12. Nd3 Nc6 13. Be3 g5 14. Nc5 f5 15.
Bxg5 e5 16. e3 h6 17. Bh4 exd4 18. exd4 Nxd4 19. Nb3 f4 20. gxf4 Rxf4 21. Bg3
Bg4 22. Qd2 Ne2+ 23. Kh1 Nxg3+ 24. hxg3 Qh5+ 25. Kg1 Rf3 26. Qb4 e3 27. Qxb7
Re8 28. fxe3 Rxg3 29. Rf2 Bh3 30. Raf1 Bxg2 31. Rxg2 Rxg2+ 32. Qxg2 Re5 33.
Qa8+ Kh7 34. Rf3 Rg5+ 35. Kf1 Qh1+ 36. Ke2 Rg2+ 37. Kd3 Qd1+ 38. Kc4 Rc2+ 39.
Kb5 Qd7+ 40. Ka5 Qc7+ 41. Ka4 Qc4+ 42. Ka5 Bc3+ 0-1

[Event "4NCL Division 1 & 2"]
[Site "Milton Keynes, ENG"]
[Date "2021.11.27"]
[Round "1.134"]
[White "Redmond, John P."]
[Black "Parker, Francis"]
[Result "1/2-1/2"]
[WhiteElo "2215"]
[BlackElo "2133"]
[PlyCount "64"]
[EventDate "2021.11.27"]
[WhiteTeam "West is Best 1"]
[BlackTeam "Check Inn"]

1. d4 d5 2. c4 c6 3. Nf3 e6 4. g3 dxc4 5. Bg2 b5 6. O-O Bb7 7. a4 Nd7 8. b3
cxb3 9. Qxb3 a6 10. Rd1 Ngf6 11. Nc3 Be7 12. Ne5 Nd5 13. Nxd5 exd5 14. e4 Nxe5
15. exd5 O-O 16. dxe5 cxd5 17. axb5 Qb6 18. Bxd5 axb5 19. Rxa8 Bxa8 20. Be3 Bc5
21. Bxc5 Qxc5 22. Bxa8 Rxa8 23. Rd5 Qc1+ 24. Kg2 g6 25. Qf3 b4 26. Rd7 Rf8 27.
Qd5 Qe1 28. Rb7 h5 29. h4 Qc3 30. Kh2 Qc2 31. Kg1 Qc3 32. Kh2 Qc2 1/2-1/2

[Event "4NCL Division 1 & 2"]
[Site "Milton Keynes, ENG"]
[Date "2021.11.27"]
[Round "1.135"]
[White "Jones, Mark A"]
[Black "Kett, Tim"]
[Result "0-1"]
[WhiteElo "2103"]
[BlackElo "2136"]
[PlyCount "78"]
[EventDate "2021.11.27"]
[WhiteTeam "Check Inn"]
[BlackTeam "West is Best 1"]

1. e4 e5 2. Nf3 Nc6 3. Bb5 a6 4. Ba4 d6 5. Bxc6+ bxc6 6. d4 f6 7. O-O g6 8. Be3
Bg7 9. Qd2 Rb8 10. b3 Ne7 11. Nc3 O-O 12. h3 Be6 13. Qd3 a5 14. dxe5 fxe5 15.
Ng5 Qd7 16. Rad1 Kh8 17. Nxe6 Qxe6 18. Rd2 Bf6 19. Rfd1 Kg7 20. Qe2 Rbd8 21.
Qg4 Qxg4 22. hxg4 Kf7 23. Na4 Ke6 24. Rd3 Ra8 25. f3 Bh4 26. Nb2 Bg3 27. a4 h5
28. gxh5 gxh5 29. Bg5 Rg8 30. Bxe7 Kxe7 31. Nc4 Bf4 32. Kf2 Rg6 33. Rh1 Rag8
34. g4 hxg4 35. fxg4 Rxg4 36. Nxa5 Rg2+ 37. Ke1 Rxc2 38. Rdh3 Rgg2 39. Kf1 Rgd2
0-1

[Event "4NCL Division 1 & 2"]
[Site "Milton Keynes, ENG"]
[Date "2021.11.27"]
[Round "1.136"]
[White "Zeidler, Sven P."]
[Black "Onslow, Teddy"]
[Result "1/2-1/2"]
[WhiteElo "2179"]
[BlackElo "1990"]
[PlyCount "109"]
[EventDate "2021.11.27"]
[WhiteTeam "West is Best 1"]
[BlackTeam "Check Inn"]

1. e4 c5 2. Nc3 Nc6 3. f4 e6 4. Nf3 Nge7 5. d4 cxd4 6. Nxd4 Nxd4 7. Qxd4 Nc6 8.
Qf2 Qa5 9. Bd3 Bc5 10. Be3 b6 11. O-O Nb4 12. a3 Nxd3 13. cxd3 Bxe3 14. Qxe3
Qc5 15. Qxc5 bxc5 16. Na4 d6 17. e5 Bd7 18. b3 Bxa4 19. bxa4 Kd7 20. Rac1 Rhc8
21. Rc3 Rc6 22. Rfc1 Rac8 23. exd6 Kxd6 24. Kf2 Kd5 25. Rc4 f6 26. Ke3 e5 27.
fxe5 Kxe5 28. Rb1 Rb6 29. Rb5 Kd6 30. Kd2 Rcc6 31. Kc3 f5 32. Rh4 h6 33. Rh5
Ke6 34. Kc4 Rd6 35. Rxc5 Rb2 36. Rhxf5 Rc2+ 37. Kb5 Rb2+ 38. Ka5 Rxd3 39. Rce5+
Kd6 40. Rb5 Rxg2 41. Rf7 Rxa3 42. Rb4 Rxh2 43. Rxg7 h5 44. Rxa7 Rc3 45. Rh7 Rc8
46. Rh6+ Kc5 47. Rb5+ Kc4 48. Ra6 h4 49. Kb6 h3 50. Kb7 Rc5 51. Rc6 Rxc6 52.
Kxc6 Ra2 53. Rh5 Rxa4 54. Rh4+ Kb3 55. Rxh3+ 1/2-1/2

[Event "4NCL Division 1 & 2"]
[Site "Milton Keynes, ENG"]
[Date "2021.11.27"]
[Round "1.137"]
[White "Headlong, Georgia"]
[Black "Macfarlane, Donald"]
[Result "0-1"]
[WhiteElo "1795"]
[BlackElo "2200"]
[PlyCount "98"]
[EventDate "2021.11.27"]
[WhiteTeam "Check Inn"]
[BlackTeam "West is Best 1"]

1. e4 c6 2. Ne2 d5 3. e5 c5 4. b4 Qc7 5. bxc5 Qxe5 6. d4 Qc7 7. Bf4 Qa5+ 8. c3
Nf6 9. Nd2 e6 10. Nb3 Qa4 11. Ng3 b6 12. cxb6 axb6 13. Bd3 Ba6 14. O-O Nbd7 15.
Re1 Ba3 16. Bc2 Qc6 17. Nh5 Nxh5 18. Qxh5 Bb2 19. Rab1 Bxc3 20. Rec1 Bc4 21.
Qf3 Bb4 22. Bd3 b5 23. Rc2 Be7 24. Rbc1 Ra6 25. Nd2 Qa8 26. Qe2 O-O 27. Nf3 Ra3
28. Rd1 Qa6 29. Ne5 Nxe5 30. Bxe5 Ra8 31. Bxc4 bxc4 32. Rdd2 Bd6 33. h3 h6 34.
Qh5 Rc8 35. Re2 Bxe5 36. Qxe5 Rd3 37. Qf4 c3 38. Re3 Qc4 39. Qf3 Rxe3 40. fxe3
Qd3 41. Qf2 Rc4 42. Kh2 f6 43. Kg3 Rxd4 44. Kf3 Qe4+ 45. Kg3 Rd3 46. Re2 d4 47.
Kh2 Rxe3 48. Rc2 d3 49. Rc1 d2 0-1